01031nam a22002177a 4500003000500000005001700005008004100022050002000063100002900083245020800112260005800320300003900378440004200417500016300459650005100622700002200673700002600695700004300721700002600764700002300790SISC20180206104051.0180206b xxu||||| |||| 00| 0 eng d aQC 21.2 b.E848 aEsguerra, Jose Perico H. aGeneral physics 1:bspecialized subject academic-STEM /cJose Perico H. Esguerra, Kendrick A. Agapito, Rommel G. Bacabac, Jo-Ann M. Cordovilla, John Keith V. Magali, Ranzivelle Marianne Roxas-Villanueva. aQuezon City:bCommission on Higher Education,cc2016. a170 pages:billustrations;c28 cm. aTeaching guide for senior high school aThis teaching guide by the Commission on Higher Education is licensed under a Creative Commons Attribution-NonCommercial-ShareAlike 4.0 International License. 2Library of Congress Subject Headings aPhysics aAgapito, Kendrick aCordovilla, Jo-Ann M. aRoxas-Villanueva, Ranzivelle Marianne  aMagali, John Keith V. aBacabac, Rommel G.